Hitler's war machine

Bibliographic Details
Main Author: Carr, William (Author)
Format: Book
Published: London : Hamlyn , 1976
Subjects:

MARC

LEADER 00000cam a2200000 7i4500
001 0000004152
005 20030423093000.0
008 021118s1976
020 |a 0600345009 
090 0 0 |a D757   |b .C3 
245 1 0 |a Hitler's war machine   |c William Carr ... [et al.]   |f editorial consultant, Robert Cecil 
260 2 |a London :   |b Hamlyn ,   |c 1976 
300 |a 248 p. :   |b ill ;   |c 30 cm. 
500 |a Includes index 
650 0 |a World War, 1939-1945   |z Germany 
651 0 |a Germany   |x History, Military   |y 20th century 
651 0 |a Germany   |x History   |y 1933-1945 
700 1 |a Carr, William ,   |e author 
999 |a 1000088094   |b Book   |c OPEN SHELF (30 DAYS)   |e Gong Badak Campus